| 000 | 00541nam a2200181Ia 4500 | ||
|---|---|---|---|
| 003 | OSt | ||
| 005 | 20240919095114.0 | ||
| 008 | 210210b1958 xxu||||| |||| 00| 0 eng d | ||
| 040 | _cAL | ||
| 041 | _aKannada | ||
| 082 | _a859/362 | ||
| 100 |
_aKRASHNAMURTI PURANIKA _9138589 _dಕೃಷ್ಣಮೂರ್ತಿ ಪುರಾಣಿಕ |
||
| 245 |
_aBinkada singari _b ಬಿಂಕದ ಸಿಂಗಾರಿ |
||
| 260 |
_aBengaluru _bShararada Prakatanalaya _c1958 |
||
| 690 |
_aKannada Fiction _9138592 |
||
| 906 | _a021232 | ||
| 942 |
_2ddc _cBK |
||
| 999 |
_c145295 _d145295 |
||